01538nam a2200277 a 450000100060000000300090000600800410001502000150005604000280007108200180009910000520011724500940016926000300026330000110029350500750030459000610037965000370044065000590047794200120053699900170054895201530056595201300071895201490084895201300099795201330112714963CO-ViMGA141112s2004 ck r 000 u spa d a9589057799 aCO-ViMGAbspacCO-ViMGA04a321.8098 T4241 aTickner, Arlene; Mejía Quintana, Oscar92167310aCongreso y democracia en los paises de las región Andina : bDeficiencias y estrategias aBtá, cUniandes, c1997 a434.p. aCongreso y democracia de Bolivia, Colombia, Ecuador, Perú, Venezuela aForma de adquisición : Donación - - Precio : 10.00014aCONGRESO - PAISES ANDINOS92167414aPODER EJECUTIVO - DEMOCRACIA - América LATINA921675 2ddccBK c25402d25402 00102ddc40708002aMEVIECARbMEVIECARd2015-12-04hVolumen. 1 | 11/jun/2009l0o321.8098 T424 p14963r2015-12-04 00:00:00tEj. 1w2015-12-04yBK 00102ddc40708GENaMEBAUPIAbMEBAUPIAcGENd2023-10-26l0o306.23 C65pBUP01225r2023-10-26 17:44:45tEj.1w2023-10-26yBK 00102ddc40708GENaMECUMARAbMECUMARAcGENd2024-05-23fSALA GENERAL 1Bl0o306.23 C65pMECUM00194r2024-05-23 21:45:00tEj.1w2024-05-23yBK 00102ddc40708GENaMEACACIAbMEACACIAcGENd2025-04-09l0o306.23 C65pACA02357r2025-04-09 07:36:00tEj.1w2025-04-09yBK 00102ddc40708GENaMECUMARAbMECUMARAcGENd2025-09-17l0o321.8098 T424pCUM01174r2025-09-17 20:08:38tEj.1w2025-09-17yBK